000 00459nam a2200169 a 4500
001 0000-9124
003 ELIB.Books
008 110520 1986
035 _a(ELIB.Books)0000-9273
082 _a221
_bAnd
100 _aAnderson, Bernhard W.
245 _aUnderstanding the Old Testament
260 _bNew Jersey: Prentice-Hall, Inc.
_c1986
650 _aOld Testament
942 _2ddc
_cBK
998 _cbat
_e2011-05-20
_mcat
_u2018-11-27
999 _c9124
_d9124